000
00339nam a2200145Ia 4500
008
151018s9999 xx 000 0 und d
082
_b
RBASDV19695
_a
891.463
245
_a
कोहरा
250
_b
1
260
_b
शकून
_c
1984
300
_a
192
630
_a
कोहरा
730
_a
कोहरा
942
_c
BOOK
999
_c
1020323
_d
1020320